Obálka Náhled e-knihy:
PDF Epub
Pro půjčování e-knih musíte být přihlášeni.
Jak si půjčit online?

Strašidelná knihovna. Duch za oponou /

Holčička Klárka spolu s duchem Kazem řeší různé detektivní záhady. Třetí díl zábavné duchařské a detektivní řady pro děti od 7 let.

Uloženo v:
Série:Strašidelná knihovna, část 3
Hlavní autor: Butler, Dori Hillestad, 1965- (Autor)
Další autoři: Damant, Aurore, 1981- (Autor), Soukup, Václav (Ilustrátor)
Médium: E-kniha
Jazyk:Czech
Vydáno: Praha : Fragment, 2017
Vydání:1. vydání
Témata:
Příbuzné jednotky:Z cyklu:: Strašidelná knihovna
Tagy:
Žádné tagy
LEADER 02800nam a2200517 i 4500
001 310837
003 CZ PrSKC
005 20260601215655.0
007 ta
008 171110s2017 xr a b 000 j cze
015 |a cnb002954604 
020 |a 9788025333976  |q (vázáno) :  |c Kč 149,00 
035 |a (OCoLC)1015187048 
040 |a OLA001  |b cze  |e rda 
041 1 |a cze  |h eng 
072 7 |a 821.111(73)-3  |x Americká próza  |2 Konspekt 
072 7 |a 821-93  |x Literatura pro děti a mládež (beletrie)  |2 Konspekt 
080 |a 821.111(73)-32  |2 MRF 
080 |a 821-93  |2 MRF 
080 |a (0:82-32)  |2 MRF 
100 1 |a Butler, Dori Hillestad,  |d 1965-  |7 ola2017939581  |4 aut 
240 1 0 |a Ghost backstage.  |l Česky 
245 1 0 |a Strašidelná knihovna.  |p Duch za oponou /  |c napsala Dori Hillestad Butlerová ; ilustrovala Aurora Damantová ; z anglického originálu The haunted library - The ghost backstage přeložil Václav Soukup 
246 3 0 |a Duch za oponou 
250 |a 1. vydání 
264 1 |a Praha :  |b Fragment,  |c 2017 
300 |a 128 stran :  |b ilustrace ;  |c 20 cm 
336 |a text  |b txt  |2 rdacontent 
337 |a bez média  |b n  |2 rdamedia 
338 |a svazek  |b nc  |2 rdacarrier 
520 2 |a Holčička Klárka spolu s duchem Kazem řeší různé detektivní záhady. Třetí díl zábavné duchařské a detektivní řady pro děti od 7 let. 
520 2 |a Kaz není obyčejný kluk, je to duch. Klárka zas není obyčejná holka - na rozdíl od ostatních lidí totiž dokáže vidět duchy. Jejich detektivní kancelář je proto jako stvořená pro řešení zapeklitých záhad! Třetí případ je zavede do Klárčiny školy, kde začal nácvik divadelního představení. Během zkoušek se začaly ozývat divné zvuky a někdo prý dokonce viděl ducha. Co když je to někdo z Kazovy ztracené rodiny? Nakladatelská anotace. 
521 8 |a Pro čtenáře od 7 let 
655 7 |a americké příběhy  |7 fd131795  |2 czenas 
655 7 |a publikace pro děti  |7 fd133156  |2 czenas 
655 9 |a American stories  |2 eczenas 
655 9 |a children's literature  |2 eczenas 
700 1 |a Damant, Aurore,  |d 1981-  |7 ola2017939588  |4 ill 
700 1 |a Soukup, Václav  |7 ola2018992136  |4 trl 
787 0 8 |i Z cyklu:  |t Strašidelná knihovna  |g 3 
900 |a ABA001  |b 21 
928 9 |a Albatros Media - Fragment 
044 |a xr 
910 |a RBIT002 
998 |d 176290  |a https://core.palmknihy.cz/api/books/176290/cover?s8bujz  |b https://core.palmknihy.cz/api/books/176290/cover/400?ur474j  |c https://core.palmknihy.cz/api/books/176290/cover/50?uwcg53  |e 2027-01-11  |g 128  |i 9788025333976  |j https://core.palmknihy.cz/api/books/176290/preview.epub  |k https://core.palmknihy.cz/api/books/176290/preview.pdf  |l   |q 49  |r 1  |s https://www.palmknihy.cz/kniha/176290  |t ebook  |y 2017  |z 0  |v Strašidelná knihovna  |w 3 
999 |d 310835